书目信息 |
| 题名: |
图书馆社会教育学
|
|
| 作者: | 夏侯炳 著 | |
| 分册: | ||
| 出版信息: | 南昌 江西教育出版社 1997 |
|
| 页数: | 401页 | |
| 开本: | 20cm | |
| 丛书名: | ||
| 单 册: | ||
| 中图分类: | G250 | |
| 科图分类: | 37.603 | |
| 主题词: | 图书馆学-社会教育--概论 , 社会教育-图书馆学--概论 | |
| 电子资源: | ||
| ISBN: | 7-5392-2840-7 | |
| 000 | 00683nam0 2200241 45 | |
| 001 | 0198013643 | |
| 005 | 20070729101742.84 | |
| 010 | @a7-5392-2840-7@dCNY16.00 | |
| 100 | @a19980310d1997 kemy0chiy0121 ea | |
| 101 | 0 | @achi |
| 102 | @aCN@b360000 | |
| 105 | @ay z 000yy | |
| 200 | 10 | @a图书馆社会教育学@Atu shu guan she hui jiao yu xue@f夏侯炳等著 |
| 210 | @a南昌@c江西教育出版社@d1997 | |
| 215 | @a401页@d20cm | |
| 510 | 1 | @aThe library sociopedagog@zeng |
| 606 | @a图书馆学-社会教育@x概论 | |
| 606 | @a社会教育-图书馆学@x概论 | |
| 690 | @aG250@v3 | |
| 692 | @a37.603@v2 | |
| 701 | 0 | @a夏侯炳@Axia hou bing@4著 |
| 801 | 0 | @aCN@bTSSF@c20070729 |
| 905 | @a10447@dG250@e125 | |
| 图书馆社会教育学/夏侯炳等著.-南昌:江西教育出版社,1997 |
| 401页;20cm |
| ISBN 7-5392-2840-7:CNY16.00 |
| ● |
| 相关链接 |
|
|
|
|
正题名:图书馆社会教育学
索取号:G250/125
 
预约/预借
| 序号 | 登录号 | 条形码 | 馆藏地/架位号 | 状态 | 备注 |
| 1 | 0784282 | 207842824 | 第一样本阅览室/ [索取号:G250/125] | 在馆 | |
| 2 | 0784283 | 207842833 | 第四借阅区/ [索取号:G250/125] | 在馆 | |
| 3 | 0785041 | 207850413 | 第四借阅区/ [索取号:G250/125] | 在馆 |